000 01094 a2200217 4500
001 5427
005 20260407155436.0
008 260407a2009 arg spa d
003 AR-UNSa-BCEJYS
040 _aAR-UNSa-BCEJYS
_bspa
_cAR-UNSa-BCEJYS
080 _a347.736
_xQuiebra. Insolvencia. Suspensión de pagos. Bancarrota, procedimientos. Derecho Concursal
245 1 0 _aDerecho concursal comparado
020 _a978-987-1221-52-3
264 1 _aBuenos Aires :
_bLegis
_c2009
300 _a2 v.
_c25 cm.
505 _aVol. 1: 1. Alemania -- 2. Argentina -- 3. Brasil -- 4. Chile -- 5. Colombia -- 6. España -- 7. Estados Unidos -- Vol. 2: 8. Francia -- 9. Italia -- 10. México -- 11. Perú -- 12. Portugal -- 13. Uruguay -- 14. Reestructuración extrajudicial -- 15. La ciencia de la economía, el nuevo derecho concursal y su desempeño frente a la crisis global
942 _cBK
590 _aniveau_biblio:m niveau_hierar:0
100 1 _aDasso, Ariel A.
856 4 1 _uhttps://biblioeco.unsa.edu.ar/pmb/images/libros/Derecho Concursal Comparado2-l118541.jpg
_yImagen de portada
_qimage/jpeg
999 _c441
_d441